[Event "DSJ Weihnachtsturnier U20w 2020"]
[Site "https://play.chessbase.com/en/play?room=DSJWeihnachtU20w"]
[Date "2020.12.29"]
[Round "4"]
[White "Zöllner, Bente"]
[Black "Frowein, Katja"]
[Result "1-0"]
[Termination "normal"]
[Board "6.2"]
[WhiteElo "1614"]
[BlackElo "1377"]
[WhiteTeam "SC Papenburg"]
[BlackTeam "SC Garching 1980"]
[PlyCount "133"]
[WhiteFideId "16230523"]
[BlackFideId "16282949"]
[EventRounds "7"]
[EventType "team-swiss"]
[EventDate "2020.12.29"]

1. d4 {[%emt 0:00:00]} d5 {[%emt 0:00:08]} 2. Nf3 {[%emt 0:00:03]} Nf6 { [%emt
0:00:03]} 3. c4 {[%emt 0:00:03]} Bf5 {[%emt 0:00:03]} 4. Nc3 {[%emt 0:00: 13]}
e6 {[%emt 0:00:02]} 5. Bg5 {[%emt 0:00:08]} Bb4 {[%emt 0:00:12]} 6. e3 { [%emt
0:00:17]} Nc6 {[%emt 0:00:09]} 7. cxd5 {[%emt 0:00:06]} exd5 {[%emt 0:00: 03]}
8. Bd3 {[%emt 0:00:07]} Bxc3+ {[%emt 0:00:06]} 9. bxc3 {[%emt 0:00:03]} Bxd3
{[%emt 0:00:04]} 10. Qxd3 {[%emt 0:00:03]} Qd6 {[%emt 0:00:01]} 11. O-O { [%emt
0:00:08]} O-O {[%emt 0:00:01]} 12. Rab1 {[%emt 0:00:15]} b6 {[%emt 0:00: 05]}
13. c4 {[%emt 0:00:18]} Na5 {[%emt 0:00:14]} 14. cxd5 {[%emt 0:00:28]} Nxd5
{[%emt 0:00:07]} 15. Rfc1 {[%emt 0:00:21]} c6 {[%emt 0:00:10]} 16. e4 { [%emt
0:00:32]} Nf4 {[%emt 0:00:35]} 17. Qd2 {[%emt 0:01:12]} Ne6 {[%emt 0:00: 21]}
18. Be3 {[%emt 0:00:16]} Rac8 {[%emt 0:00:25]} 19. Rc2 {[%emt 0:00:12]} Nb7
{[%emt 0:00:38]} 20. h3 {[%emt 0:00:45]} c5 {[%emt 0:00:28]} 21. dxc5 { [%emt
0:00:10]} Qxd2 {[%emt 0:00:17]} 22. Nxd2 {[%emt 0:00:07]} Nbxc5 {[%emt 0:
00:02]} 23. Rbc1 {[%emt 0:00:19]} f5 {[%emt 0:00:52]} 24. Kf1 {[%emt 0:01:17]}
f4 {[%emt 0:00:06]} 25. Bxc5 {[%emt 0:00:11]} Nxc5 {[%emt 0:00:24]} 26. Ke2 {
[%emt 0:00:36]} Rf7 {[%emt 0:00:17]} 27. Nb3 {[%emt 0:00:08]} Rfc7 {[%emt 0:00:
07]} 28. Nxc5 {[%emt 0:00:17]} Rxc5 {[%emt 0:00:04]} 29. Rxc5 {[%emt 0:00:02]}
Rxc5 {[%emt 0:00:03]} 30. Rxc5 {[%emt 0:00:02]} bxc5 {[%emt 0:00:01]} 31. Kd3 {
[%emt 0:00:01]} Kf7 {[%emt 0:00:03]} 32. Kc4 {[%emt 0:00:02]} Ke6 {[%emt 0:00:
01]} 33. Kxc5 {[%emt 0:00:01]} Ke5 {[%emt 0:00:01]} 34. f3 {[%emt 0:00:02]} a5
{[%emt 0:00:15]} 35. a4 {[%emt 0:00:07]} Ke6 {[%emt 0:00:03]} 36. Kb5 {[%emt 0:
00:03]} Kd7 {[%emt 0:00:01]} 37. Kxa5 {[%emt 0:00:01]} Kc8 {[%emt 0:00:02]} 38.
Kb6 {[%emt 0:00:02]} Kb8 {[%emt 0:00:01]} 39. Kc6 {[%emt 0:00:06]} Ka7 { [%emt
0:00:03]} 40. Kd6 {[%emt 0:00:04]} Ka6 {[%emt 0:00:01]} 41. Ke6 {[%emt 0:
00:03]} Ka5 {[%emt 0:00:01]} 42. Kf7 {[%emt 0:00:02]} g6 {[%emt 0:00:02]} 43.
Kg7 {[%emt 0:00:02]} Kxa4 {[%emt 0:00:07]} 44. Kxh7 {[%emt 0:00:02]} g5 { [%emt
0:00:02]} 45. Kh6 {[%emt 0:00:02]} Kb3 {[%emt 0:00:01]} 46. e5 {[%emt 0:
00:10]} Kc4 {[%emt 0:00:03]} 47. e6 {[%emt 0:00:01]} Kd5 {[%emt 0:00:03]} 48.
e7 {[%emt 0:00:02]} Kd6 {[%emt 0:00:01]} 49. e8=Q {[%emt 0:00:02]} Kc5 { [%emt
0:00:04]} 50. Qd7 {[%emt 0:00:03]} Kc4 {[%emt 0:00:03]} 51. Qd2 {[%emt 0:
00:02]} Kb5 {[%emt 0:00:06]} 52. Qc3 {[%emt 0:00:02]} Kb6 {[%emt 0:00:03]} 53.
Qc4 {[%emt 0:00:02]} Kb7 {[%emt 0:00:03]} 54. Qc5 {[%emt 0:00:02]} Ka6 { [%emt
0:00:05]} 55. Qb4 {[%emt 0:00:02]} Ka7 {[%emt 0:00:01]} 56. Qb5 {[%emt 0:
00:02]} Ka8 {[%emt 0:00:02]} 57. Qa6+ {[%emt 0:00:12]} Kb8 {[%emt 0:00:02]} 58.
Kxg5 {[%emt 0:00:05]} Kc7 {[%emt 0:00:03]} 59. Kxf4 {[%emt 0:00:02]} Kb8 {
[%emt 0:00:02]} 60. Ke5 {[%emt 0:00:01]} Kc7 {[%emt 0:00:01]} 61. Kd5 {[%emt 0:
00:03]} Kd7 {[%emt 0:00:02]} 62. Qf6 {[%emt 0:00:05]} Kc7 {[%emt 0:00:01]} 63.
Qe6 {[%emt 0:00:03]} Kb7 {[%emt 0:00:02]} 64. Qd6 {[%emt 0:00:02]} Kc8 { [%emt
0:00:02]} 65. Qe7 {[%emt 0:00:05]} Kb8 {[%emt 0:00:02]} 66. Kc6 {[%emt 0:
00:03]} Ka8 {[%emt 0:00:02]} 67. Qb7# {[%emt 0:00:04]} 1-0

[Event "DSJ Weihnachtsturnier U20w 2020"]
[Site "https://play.chessbase.com/en/play?room=DSJWeihnachtU20w"]
[Date "2020.12.29"]
[Round "4"]
[White "Evering, Kira"]
[Black "Muhina, Alina"]
[Result "1-0"]
[Termination "normal"]
[Board "6.4"]
[WhiteElo "1386"]
[BlackElo "1286"]
[WhiteTeam "SC Papenburg"]
[BlackTeam "SC Garching 1980"]
[PlyCount "91"]
[WhiteFideId "16218221"]
[BlackFideId "16298322"]
[EventRounds "7"]
[EventType "team-swiss"]
[EventDate "2020.12.29"]

1. e4 {[%emt 0:00:03]} c6 {[%emt 0:00:03]} 2. d4 {[%emt 0:00:11]} d5 {[%emt 0:
00:03]} 3. exd5 {[%emt 0:00:10]} cxd5 {[%emt 0:00:02]} 4. Nc3 {[%emt 0:00:15]}
Nf6 {[%emt 0:00:03]} 5. Bd3 {[%emt 0:00:21]} Nc6 {[%emt 0:00:03]} 6. Be3 {
[%emt 0:00:07]} Bg4 {[%emt 0:00:07]} 7. f3 {[%emt 0:00:16]} Bh5 {[%emt 0:00:05]
} 8. Nge2 {[%emt 0:00:04]} Qb6 {[%emt 0:00:04]} 9. Na4 {[%emt 0:00:25]} Qa5+ {
[%emt 0:00:08]} 10. Nac3 {[%emt 0:00:15]} e6 {[%emt 0:00:12]} 11. Qd2 {[%emt 0:
00:02]} Bb4 {[%emt 0:00:04]} 12. a3 {[%emt 0:00:08]} Bxc3 {[%emt 0:00:03]} 13.
Nxc3 {[%emt 0:00:21]} O-O {[%emt 0:00:04]} 14. O-O-O {[%emt 0:00:26]} Qc7 {
[%emt 0:00:23]} 15. g4 {[%emt 0:00:12]} Bg6 {[%emt 0:00:05]} 16. h4 {[%emt 0:
00:20]} Bxd3 {[%emt 0:00:03]} 17. Qxd3 {[%emt 0:00:02]} Rac8 {[%emt 0:00:07]}
18. h5 {[%emt 0:00:24]} Ne7 {[%emt 0:00:38]} 19. Bg5 {[%emt 0:00:24]} Ne8 {
[%emt 0:00:46]} 20. Be3 {[%emt 0:00:41]} h6 {[%emt 0:00:18]} 21. Rdg1 {[%emt 0:
00:15]} f6 {[%emt 0:00:49]} 22. f4 {[%emt 0:00:49]} Qd8 {[%emt 0:01:31]} 23. g5
{[%emt 0:00:17]} Nf5 {[%emt 0:00:09]} 24. gxh6 {[%emt 0:01:06]} Nxh6 {[%emt 0:
00:04]} 25. Qg6 {[%emt 0:00:26]} Nf5 {[%emt 0:00:11]} 26. h6 {[%emt 0:00:12]}
Nxh6 {[%emt 0:00:19]} 27. Rxh6 {[%emt 0:00:25]} Rf7 {[%emt 0:00:19]} 28. Qh7+ {
[%emt 0:00:17]} Kf8 {[%emt 0:00:07]} 29. Qh8+ {[%emt 0:00:16]} Ke7 {[%emt 0:00:
03]} 30. Rh7 {[%emt 0:00:24]} Kd6 {[%emt 0:00:22]} 31. Nb5+ {[%emt 0:00:22]}
Kc6 {[%emt 0:00:02]} 32. Nxa7+ {[%emt 0:00:05]} Kb6 {[%emt 0:00:01]} 33. Nxc8+
{[%emt 0:00:02]} Qxc8 {[%emt 0:00:03]} 34. Rgxg7 {[%emt 0:00:07]} Rxg7 { [%emt
0:00:12]} 35. Rxg7 {[%emt 0:00:03]} Ka7 {[%emt 0:00:05]} 36. Re7 { [%emt
0:00:04]} Qc4 {[%emt 0:00:29]} 37. Qxe8 {[%emt 0:00:03]} Qf1+ {[%emt 0: 00:03]}
38. Kd2 {[%emt 0:00:02]} Qg2+ {[%emt 0:00:03]} 39. Kc3 {[%emt 0:00:06]} Qf3
{[%emt 0:00:10]} 40. Qa4+ {[%emt 0:00:04]} Kb8 {[%emt 0:00:02]} 41. Rxe6 {
[%emt 0:00:06]} Qd1 {[%emt 0:00:09]} 42. Qb5 {[%emt 0:00:07]} Qe1+ {[%emt 0:00:
04]} 43. Kb3 {[%emt 0:00:04]} Qd1 {[%emt 0:00:32]} 44. Re7 {[%emt 0:00:02]} Kc8
{[%emt 0:00:13]} 45. Qxb7+ {[%emt 0:00:01]} Kd8 {[%emt 0:00:02]} 46. Qd7# {
[%emt 0:00:01] (Lag: Av=0.46s, max=0.7s)} 1-0

[Event "DSJ Weihnachtsturnier U20w 2020"]
[Site "https://play.chessbase.com/en/play?room=DSJWeihnachtU20w"]
[Date "2020.12.29"]
[Round "4"]
[White "Reich, Elisabeth"]
[Black "Zhou, Lepu Coco"]
[Result "0-1"]
[Termination "normal"]
[Board "7.1"]
[WhiteElo "1191"]
[BlackElo "1882"]
[WhiteTeam "ATSV Oberkotzau"]
[BlackTeam "SC Weisse Dame"]
[PlyCount "74"]
[WhiteFideId "16239776"]
[BlackFideId "16217136"]
[EventRounds "7"]
[EventType "team-swiss"]
[EventDate "2020.12.29"]

1. e4 {[%emt 0:00:19] Restarted W (13.22e) Black restart ok. OK} e5 {[%emt
0:00:05]} 2. Nf3 {[%emt 0:00:03]} Nc6 {[%emt 0: 00:14]} 3. d4 {[%emt 0:00:04]}
exd4 {[%emt 0:00:07]} 4. c3 {[%emt 0:00:02]} dxc3 {[%emt 0:00:08]} 5. Bc4
{[%emt 0:00:03]} Nf6 {[%emt 0:00:49]} 6. Nxc3 { [%emt 0:00:03]} Bb4 {[%emt
0:00:08]} 7. Bg5 {[%emt 0:00:12]} O-O {[%emt 0:00: 08]} 8. O-O {[%emt 0:00:04]}
h6 {[%emt 0:00:03]} 9. Bh4 {[%emt 0:00:07]} Bxc3 { [%emt 0:00:10]} 10. bxc3
{[%emt 0:00:03]} d6 {[%emt 0:00:02]} 11. Re1 {[%emt 0: 00:14]} Bg4 {[%emt
0:00:05]} 12. h3 {[%emt 0:00:03]} Bxf3 {[%emt 0:00:20]} 13. Qxf3 {[%emt
0:00:05]} Ne5 {[%emt 0:00:03]} 14. Qe2 {[%emt 0:00:17]} Nxc4 { [%emt 0:00:06]}
15. Qxc4 {[%emt 0:00:06]} c6 {[%emt 0:00:52]} 16. Rad1 { [%emt 0:00:05]} Qe7
{[%emt 0:00:48]} 17. Qd4 {[%emt 0:00:19]} Rfd8 {[%emt 0:00: 23]} 18. Qb4 {[%emt
0:00:14]} a5 {[%emt 0:00:39]} 19. Qa3 {[%emt 0:00:03]} Qe6 {[%emt 0:00:08]} 20.
e5 {[%emt 0:00:27]} dxe5 {[%emt 0:00:14]} 21. Rxd8+ { [%emt 0:00:06]} Rxd8
{[%emt 0:00:03]} 22. Qxa5 {[%emt 0:00:02]} Qd5 {[%emt 0: 01:41]} 23. Rxe5
{[%emt 0:00:19]} Qxa5 {[%emt 0:00:04]} 24. Rxa5 {[%emt 0:00: 03]} Rd1+ {[%emt
0:00:02]} 25. Kh2 {[%emt 0:00:03]} Ne4 {[%emt 0:00:17]} 26. Ra7 {[%emt
0:00:22]} Rb1 {[%emt 0:00:17]} 27. Ra3 {[%emt 0:00:30]} g5 {[%emt 0: 00:28]}
28. Bg3 {[%emt 0:00:04]} Nd2 {[%emt 0:00:05]} 29. Ra8+ {[%emt 0:00:16]} Kh7
{[%emt 0:00:05]} 30. Rd8 {[%emt 0:00:07]} Nf1+ {[%emt 0:00:02]} 31. Kg1 { [%emt
0:00:04]} Nxg3+ {[%emt 0:00:02]} 32. Kh2 {[%emt 0:00:02]} Nf1+ {[%emt 0:
00:13]} 33. Kg1 {[%emt 0:00:05]} h5 {[%emt 0:00:08]} 34. Rd7 {[%emt 0:00:05]}
h4 {[%emt 0:00:11]} 35. Rxf7+ {[%emt 0:00:03]} Kg6 {[%emt 0:00:02]} 36. Rd7 {
[%emt 0:00:05]} Ng3+ {[%emt 0:00:03]} 37. Kh2 {[%emt 0:00:03]} Rh1# {[%emt 0:
00:01]

[Event "DSJ Weihnachtsturnier U20w 2020"]
[Site "https://play.chessbase.com/en/play?room=DSJWeihnachtU20w"]
[Date "2020.12.29"]
[Round "4"]
[White "Fayngold, Sophie"]
[Black "Hergenröder, Cora"]
[Result "1-0"]
[Termination "normal"]
[Board "7.2"]
[WhiteElo "1222"]
[BlackElo "1489"]
[WhiteTeam "SC Weisse Dame"]
[BlackTeam "ATSV Oberkotzau"]
[PlyCount "59"]
[WhiteFideId "16244761"]
[BlackFideId "34603700"]
[EventRounds "7"]
[EventType "team-swiss"]
[EventDate "2020.12.29"]

1. e4 {[%emt 0:00:21]} d5 {[%emt 0:00:02]} 2. exd5 {[%emt 0:00:03]} Qxd5 {
[%emt 0:00:01]} 3. Nc3 {[%emt 0:00:01]} Qd6 {[%emt 0:00:01]} 4. d4 {[%emt 0:00:
06]} Nf6 {[%emt 0:00:01]} 5. Nf3 {[%emt 0:00:01]} Bg4 {[%emt 0:00:03]} 6. Be2 {
[%emt 0:00:13]} Nc6 {[%emt 0:00:03]} 7. Be3 {[%emt 0:00:04]} e6 {[%emt 0:00:16]
} 8. h3 {[%emt 0:00:03]} Bxf3 {[%emt 0:00:14]} 9. Bxf3 {[%emt 0:00:06]} Be7 {
[%emt 0:00:03]} 10. Qd2 {[%emt 0:00:03]} O-O {[%emt 0:00:38]} 11. O-O-O { [%emt
0:00:10]} a5 {[%emt 0:00:11]} 12. g4 {[%emt 0:00:02]} Rfb8 {[%emt 0:00: 12]}
13. g5 {[%emt 0:00:11]} Nd5 {[%emt 0:00:30]} 14. Nxd5 {[%emt 0:00:16]} exd5
{[%emt 0:00:02]} 15. Bf4 {[%emt 0:00:05]} Qg6 {[%emt 0:00:27]} 16. Bxd5 { [%emt
0:00:21]} a4 {[%emt 0:00:32]} 17. h4 {[%emt 0:00:15]} Qf5 {[%emt 0:00:42] } 18.
Bc4 {[%emt 0:00:19]} b5 {[%emt 0:00:20]} 19. Bd3 {[%emt 0:00:05]} Qd5 { [%emt
0:00:12]} 20. Kb1 {[%emt 0:00:15]} Nb4 {[%emt 0:00:10]} 21. b3 {[%emt 0:
00:50]} axb3 {[%emt 0:00:07]} 22. axb3 {[%emt 0:00:12]} Qxd4 {[%emt 0:00:33]}
23. Bxh7+ {[%emt 0:00:05]} Kf8 {[%emt 0:00:09]} 24. Qxd4 {[%emt 0:00:10]} Ra2 {
[%emt 0:00:20]} 25. Bxc7 {[%emt 0:00:16]} Rc8 {[%emt 0:00:15]} 26. Bd6 { [%emt
0:00:51]} Ke8 {[%emt 0:00:24]} 27. Bxb4 {[%emt 0:00:11]} Rcxc2 {[%emt 0:
00:09]} 28. Bxc2 {[%emt 0:00:06]} Rxc2 {[%emt 0:00:04]} 29. Kxc2 {[%emt 0:00:
03]} Bxb4 {[%emt 0:00:00]} 30. Qd8# {[%emt 0:00:02]} 1-0

[Event "DSJ Weihnachtsturnier U20w 2020"]
[Site "https://play.chessbase.com/en/play?room=DSJWeihnachtU20w"]
[Date "2020.12.29"]
[Round "4"]
[White "Köppel, Clementine"]
[Black "Schülke, Rosalie"]
[Result "0-1"]
[Termination "normal"]
[Board "7.3"]
[WhiteElo "1244"]
[BlackElo "1407"]
[WhiteTeam "ATSV Oberkotzau"]
[BlackTeam "SC Weisse Dame"]
[PlyCount "128"]
[WhiteFideId "34605819"]
[BlackFideId "16287436"]
[EventRounds "7"]
[EventType "team-swiss"]
[EventDate "2020.12.29"]

1. e4 {[%emt 0:00:04]} e6 {[%emt 0:00:02]} 2. Nf3 {[%emt 0:00:02]} d5 {[%emt 0:
00:01]} 3. exd5 {[%emt 0:00:08]} exd5 {[%emt 0:00:01]} 4. Nc3 {[%emt 0:00:02]}
Nf6 {[%emt 0:00:03]} 5. d4 {[%emt 0:00:07]} Bd6 {[%emt 0:00:09]} 6. Bg5 { [%emt
0:00:12]} c6 {[%emt 0:00:03]} 7. Bd3 {[%emt 0:00:08]} O-O {[%emt 0:00:03] } 8.
O-O {[%emt 0:00:02]} Bg4 {[%emt 0:00:09]} 9. Be2 {[%emt 0:00:04]} Bf5 { [%emt
0:00:04]} 10. Re1 {[%emt 0:00:26]} Nbd7 {[%emt 0:00:06]} 11. Bd3 { [%emt
0:00:05]} Bg6 {[%emt 0:00:20]} 12. Bxg6 {[%emt 0:00:09]} hxg6 {[%emt 0: 00:02]}
13. Bxf6 {[%emt 0:00:28]} Nxf6 {[%emt 0:00:02]} 14. Ne5 {[%emt 0:00:12] } Qc7
{[%emt 0:00:21]} 15. Qd3 {[%emt 0:00:10]} Rfe8 {[%emt 0:00:07]} 16. Nf3 { [%emt
0:00:20]} Rad8 {[%emt 0:00:41]} 17. Re2 {[%emt 0:00:37]} Rxe2 {[%emt 0: 00:09]}
18. Nxe2 {[%emt 0:00:09]} Re8 {[%emt 0:00:04]} 19. Re1 {[%emt 0:00:11]} Ne4
{[%emt 0:00:28]} 20. Nc3 {[%emt 0:00:35]} f5 {[%emt 0:00:30]} 21. Nxe4 { [%emt
0:00:33]} fxe4 {[%emt 0:00:20]} 22. Qe3 {[%emt 0:00:36]} Re7 {[%emt 0:00: 17]}
23. Ng5 {[%emt 0:00:24]} Bxh2+ {[%emt 0:00:17]} 24. Kf1 {[%emt 0:00:08]} Bf4
{[%emt 0:00:11]} 25. Qh3 {[%emt 0:00:45]} Bxg5 {[%emt 0:00:08]} 26. Qg4 { [%emt
0:00:07]} Bf6 {[%emt 0:00:37]} 27. Qxg6 {[%emt 0:00:04]} Bxd4 {[%emt 0: 00:33]}
28. Rd1 {[%emt 0:00:05]} Bf6 {[%emt 0:00:18]} 29. Ke2 {[%emt 0:00:16]} Qb6
{[%emt 0:00:13]} 30. Rh1 {[%emt 0:00:25]} Qb5+ {[%emt 0:00:08]} 31. Ke3 { [%emt
0:00:08]} d4+ {[%emt 0:00:07]} 32. Kf4 {[%emt 0:00:08]} Qe5+ {[%emt 0:00: 07]}
33. Kg4 {[%emt 0:00:07]} Qg5+ {[%emt 0:00:05]} 34. Qxg5 {[%emt 0:00:05]} Bxg5
{[%emt 0:00:01]} 35. Kxg5 {[%emt 0:00:01]} Re5+ {[%emt 0:00:03]} 36. Kg4 {
[%emt 0:00:02]} Kf7 {[%emt 0:00:13] ATSVOber1003 kibitzing!?} 37. Kf4 {[%emt 0:
00:04]} Re6 {[%emt 0:00:03]} 38. c3 {[%emt 0:00:20] ATSVOber1003 kibitzing!?}
d3 {[%emt 0:00:05] ATSVOber1003 kibitzing!?} 39. Kf5 {[%emt 0:00:15]
ATSVOber1003 kibitzing!?} c5 {[%emt 0:00:24]} 40. f3 {[%emt 0:00:03]} e3 {
[%emt 0:00:03] ATSVOber1003 kibitzing!?} 41. Rd1 {[%emt 0:00:11] ATSVOber1003
kibitzing!?} e2 {[%emt 0:00:08] ATSVOber1003 kibitzing!?} 42. Rxd3 {[%emt 0:00:
22] ATSVOber1003 kibitzing!?} e1=Q {[%emt 0:00:10]} 43. Rd7+ {[%emt 0:00:02]}
Re7 {[%emt 0:00:01]} 44. Rxe7+ {[%emt 0:00:11] ATSVOber1003 kibitzing!?} Qxe7 {
[%emt 0:00:05]} 45. Kf4 {[%emt 0:00:01]} Qf6+ {[%emt 0:00:01]} 46. Kg3 { [%emt
0:00:01]} Qg6+ {[%emt 0:00:01]} 47. Kf2 {[%emt 0:00:01]} Qc2+ {[%emt 0: 00:02]}
48. Kg3 {[%emt 0:00:02]} Qxb2 {[%emt 0:00:01]} 49. a3 {[%emt 0:00:00]} Qxc3
{[%emt 0:00:02]} 50. a4 {[%emt 0:00:03] ATSVOber1003 kibitzing!?} Qb4 { [%emt
0:00:04] ATSVOber1003 kibitzing!?} 51. a5 {[%emt 0:00:05]} c4 {[%emt 0: 00:02]}
52. Kf2 {[%emt 0:00:03]} c3 {[%emt 0:00:02]} 53. Ke2 {[%emt 0:00:02]
ATSVOber1003 kibitzing!?} Qxa5 {[%emt 0:00:06]} 54. Kd3 {[%emt 0:00:02]} b5 {
[%emt 0:00:03]} 55. Kc2 {[%emt 0:00:04]} b4 {[%emt 0:00:01]} 56. Kb3 {[%emt 0:
00:02]} Qa3+ {[%emt 0:00:02]} 57. Kc4 {[%emt 0:00:00]} c2 {[%emt 0:00:03]} 58.
Kc5 {[%emt 0:00:03]} c1=Q+ {[%emt 0:00:02] ATSVOber1003 received Ill
MvData=114. c4-c5 (324cs)} 59. Kb5 {[%emt 0:00:08]} a6+ {[%emt 0:00:01]} 60.
Kb6 {[%emt 0:00:00] ATSVOber1003 kibitzing!?} b3 {[%emt 0:00:05] ATSVOber1003
kibitzing!?} 61. Kb7 {[%emt 0:00:04]} b2 {[%emt 0:00:01]} 62. Ka7 {[%emt 0:00:
01]} Qcc5+ {[%emt 0:00:02]} 63. Ka8 {[%emt 0:00:06] ATSVOber1003 kibitzing!?}
Qc8+ {[%emt 0:00:14] ATSVOber1003 kibitzing!?} 64. Ka7 {[%emt 0:00:05]} Qac5# {
[%emt 0:00:01]} 0-1

[Event "DSJ Weihnachtsturnier U20w 2020"]
[Site "https://play.chessbase.com/en/play?room=DSJWeihnachtU20w"]
[Date "2020.12.29"]
[Round "4"]
[White "Reddi, Bhuvana"]
[Black "Leuchsenring, Delia"]
[Result "1-0"]
[Termination "normal"]
[Board "7.4"]
[WhiteElo "1359"]
[BlackElo "1061"]
[WhiteTeam "SC Weisse Dame"]
[BlackTeam "ATSV Oberkotzau"]
[PlyCount "41"]
[WhiteFideId "16287002"]
[BlackFideId "34605304"]
[EventRounds "7"]
[EventType "team-swiss"]
[EventDate "2020.12.29"]

1. e4 {[%emt 0:00:05]} e5 {[%emt 0:00:02]} 2. Nc3 {[%emt 0:00:02]} Nf6 { [%emt
0:00:04]} 3. f4 {[%emt 0:00:05]} exf4 {[%emt 0:00:04]} 4. e5 {[%emt 0:00: 02]}
Ng8 {[%emt 0:00:10]} 5. Nf3 {[%emt 0:00:02]} Nc6 {[%emt 0:00:09]} 6. d4 { [%emt
0:00:06]} d5 {[%emt 0:00:04]} 7. Bxf4 {[%emt 0:00:02]} Be6 {[%emt 0:00: 18]} 8.
Bd3 {[%emt 0:00:17]} Bb4 {[%emt 0:00:11]} 9. O-O {[%emt 0:00:05]} Nge7 {[%emt
0:00:04]} 10. Be3 {[%emt 0:00:13]} O-O {[%emt 0:00:03]} 11. Ng5 { [%emt
0:00:09]} f5 {[%emt 0:00:32]} 12. Qh5 {[%emt 0:00:10]} h6 {[%emt 0:00:33] } 13.
Nf3 {[%emt 0:00:12]} Bd7 {[%emt 0:00:41]} 14. Bxh6 {[%emt 0:00:07]} gxh6 {[%emt
0:00:11]} 15. Qxh6 {[%emt 0:00:07]} Nc8 {[%emt 0:01:28]} 16. Nh4 { [%emt
0:01:05]} Be7 {[%emt 0:00:20]} 17. Ng6 {[%emt 0:00:21]} Kf7 {[%emt 0:00: 18]}
18. Nxf8 {[%emt 0:00:11]} Bxf8 {[%emt 0:00:02]} 19. Qh5+ {[%emt 0:00:12]} Ke6
{[%emt 0:00:09]} 20. Qxf5+ {[%emt 0:00:12]} Ke7 {[%emt 0:00:13]} 21. Qf7# {
[%emt 0:00:06]} 1-0

[Event "DSJ Weihnachtsturnier U20w 2020"]
[Site "https://play.chessbase.com/en/play?room=DSJWeihnachtU20w"]
[Date "2020.12.29"]
[Round "4"]
[White "Lange, Cecilia"]
[Black "Obst, Daria"]
[Result "1/2-1/2"]
[Termination "normal"]
[Board "8.1"]
[WhiteElo "1965"]
[BlackElo "1205"]
[WhiteTeam "TSG Oberschöneweide"]
[BlackTeam "SC Papenburg 2"]
[PlyCount "99"]
[WhiteFideId "12976040"]
[EventRounds "7"]
[EventType "team-swiss"]
[EventDate "2020.12.29"]

1. e4 {[%emt 0:00:00] Restarted W (13.22e)} e5 {[%emt 0:00:40]} 2. Nf3 { [%emt
0:00:02] OK Obersch1-001 received Ill MvData=1. e7-e5 (1280cs) Papenbg2-001
received Ill MvData=2. g1-f3 (215cs)} Nf6 {[%emt 0:00:09]} 3. Nc3 {[%emt
0:00:10]} Nc6 {[%emt 0:00:04]} 4. Bc4 {[%emt 0:00:05]} d6 {[%emt 0:00: 23]} 5.
O-O {[%emt 0:00:04]} Be7 {[%emt 0:00:04]} 6. h3 {[%emt 0:00:02]} O-O { [%emt
0:00:03]} 7. d4 {[%emt 0:00:03]} exd4 {[%emt 0:00:09]} 8. Nxd4 {[%emt 0:
00:02]} Ne5 {[%emt 0:00:33]} 9. Bb3 {[%emt 0:00:03]} c5 {[%emt 0:00:08]} 10.
Nf3 {[%emt 0:00:06]} Nxf3+ {[%emt 0:00:15]} 11. Qxf3 {[%emt 0:00:02]} Re8 {
[%emt 0:00:35]} 12. Nd5 {[%emt 0:00:09]} Nxd5 {[%emt 0:00:07]} 13. Bxd5 { [%emt
0:00:02]} Bf6 {[%emt 0:00:09]} 14. c3 {[%emt 0:00:06]} Qe7 {[%emt 0:00: 11]}
15. Bf4 {[%emt 0:00:08]} Be6 {[%emt 0:00:42]} 16. Rfe1 {[%emt 0:00:26]} Bxd5
{[%emt 0:00:38]} 17. exd5 {[%emt 0:00:09]} Qd7 {[%emt 0:00:02]} 18. Re2 { [%emt
0:00:15]} Re7 {[%emt 0:00:10]} 19. Rae1 {[%emt 0:00:02]} Rae8 {[%emt 0: 00:02]}
20. Rxe7 {[%emt 0:00:07]} Rxe7 {[%emt 0:00:02]} 21. Rxe7 {[%emt 0:00: 02]} Qxe7
{[%emt 0:00:03]} 22. Kf1 {[%emt 0:00:04]} Be5 {[%emt 0:00:34]} 23. Qe2 {[%emt
0:00:17]} Qf6 {[%emt 0:00:34]} 24. Bg3 {[%emt 0:00:16]} h6 {[%emt 0: 00:12]}
25. Bxe5 {[%emt 0:00:23]} Qxe5 {[%emt 0:00:13]} 26. Qxe5 {[%emt 0:00: 02]} dxe5
{[%emt 0:00:02]} 27. c4 {[%emt 0:00:01]} Kf8 {[%emt 0:00:02]} 28. Ke2 {[%emt
0:00:01]} Ke7 {[%emt 0:00:03]} 29. Ke3 {[%emt 0:00:01]} f5 {[%emt 0:00: 03]}
30. f3 {[%emt 0:00:14]} Kd6 {[%emt 0:00:18]} 31. h4 {[%emt 0:00:14]} g6 { [%emt
0:00:06]} 32. a3 {[%emt 0:00:32]} a6 {[%emt 0:00:17]} 33. Kd3 {[%emt 0: 00:26]}
b5 {[%emt 0:00:44]} 34. b4 {[%emt 0:00:38]} cxb4 {[%emt 0:00:49]} 35. axb4
{[%emt 0:00:04]} bxc4+ {[%emt 0:00:15]} 36. Kxc4 {[%emt 0:00:03]} e4 { [%emt
0:00:08]} 37. fxe4 {[%emt 0:00:15]} fxe4 {[%emt 0:00:02]} 38. Kd4 { [%emt
0:00:02]} e3 {[%emt 0:00:04]} 39. Kxe3 {[%emt 0:00:01]} Kxd5 {[%emt 0:00: 02]}
40. Kd3 {[%emt 0:00:01]} Kd6 {[%emt 0:00:06]} 41. Kd4 {[%emt 0:00:02]} Kc6
{[%emt 0:00:02]} 42. Kc4 {[%emt 0:00:01]} Kb6 {[%emt 0:00:03]} 43. Kc3 { [%emt
0:00:42]} Kc7 {[%emt 0:00:07]} 44. Kb3 {[%emt 0:00:15]} Kb7 {[%emt 0:00: 08]}
45. Ka4 {[%emt 0:00:08]} Kb6 {[%emt 0:00:02]} 46. Kb3 {[%emt 0:00:02]} Kb5
{[%emt 0:00:09]} 47. Kc3 {[%emt 0:00:08]} Kb6 {[%emt 0:00:05]} 48. Kb3 { [%emt
0:00:02]} Kb5 {[%emt 0:00:02]} 49. Kc3 {[%emt 0:00:01]} Kb6 {[%emt 0:00: 02]}
50. Kb3 {[%emt 0:00:01]} 1/2-1/2